Jó bútor pedig van panelkonyha /
Elmentve itt :
| Szerző: | |
|---|---|
| Dokumentumtípus: | Cikk |
| Megjelent: |
1987-11-30
|
| Sorozat: | Délmagyarország
75 No. 282 |
| Kulcsszavak: | Tisza Bútoripari Vállalat (Csongrád), Csongrád (város), Ipar bútoripar Csongrád |
| Online Access: | http://dmarchiv.bibl.u-szeged.hu/86477 |
| LEADER | 00526nab a2200157 i 4500 | ||
|---|---|---|---|
| 001 | delm86477 | ||
| 005 | 20190916151302.0 | ||
| 008 | 190916s1987 hu o 0|| hun d | ||
| 040 | |a SZTE Délmagyarország Archívum |b hun | ||
| 041 | |a hun | ||
| 100 | 1 | |a Bőle István | |
| 245 | 1 | 0 | |a Jó bútor pedig van |h [elektronikus dokumentum] : |b panelkonyha / |c Bőle István |
| 260 | |c 1987-11-30 | ||
| 300 | |a 1 | ||
| 490 | 0 | |a Délmagyarország |v 75 No. 282 | |
| 695 | |a Tisza Bútoripari Vállalat (Csongrád), Csongrád (város), Ipar bútoripar Csongrád | ||